[Event "CHN-ch Blitz Open 2018"]
[Site "Tianjin"]
[Date "2018.06.07"]
[Round "4"]
[White "Xiang, Zeyu"]
[Black "Li, Di"]
[Result "0-1"]
[WhiteElo "2423"]
[BlackElo "2450"]
[Annotator "TA"]
[PlyCount "70"]
[EventDate "2018.06.07"]
[EventType "blitz"]
[EventRounds "9"]
[EventCountry "CHN"]
[SourceTitle "playchess.com"]
[Source "ChessBase"]
[SourceQuality "1"]

{[%evp 10,70,2,12,22,-4,-4,-10,35,47,39,40,41,53,43,37,58,28,21,-11,-14,-46,0,0,0,0,0,0,53,44,64,0,56,41,31,38,60,53,240,238,283,245,250,229,387,375,428,408,566,372,391,0,402,109,98,0,170,-77,-83,-309,-271,-344,-244]} 1. d4 Nf6 2. c4 g6 3. Nc3 d5 4. Bf4 Bg7 5. e3 O-O 6. Rc1 Be6 {D83: Grünfeld: 4 Bf4 Bg7 5 e3 0-0} 7. Qb3 c5 8. Qxb7 cxd4 {The position is equal.} 9. exd4 (9. Qxa8 dxc3 10. Qb7 (10. Rxc3 $2 Ne4 $19) (10. bxc3 $2 Qb6 $19) 10... Qa5 $17) 9... Qd7 $146 ({Predecessor:} 9... Qb6 10. Qxa8 Nh5 11. c5 Qxb2 12. Bd2 Bxd4 13. Nf3 Nd7 14. Qxf8+ Kxf8 15. Nxd4 Nxc5 {1-0 (26) Aronian,L (2805)-Nepomniachtchi,I (2733) Wijk aan Zee 2011}) 10. Qxd7 $1 ({Much worse is} 10. Qxa8 Nc6 $15) 10... Nbxd7 11. c5 Nh5 12. Be3 {Nf3 is the strong threat.} Nxc5 $1 13. dxc5 d4 14. Bd2 dxc3 15. Bxc3 a5 (15... Bh6 $5 {[%cal Rh6c1]} 16. Bd2 Bxd2+ 17. Kxd2 Bxa2 $15) 16. a4 Nf4 17. Bxg7 Kxg7 18. Nh3 Nd5 (18... Bxh3 $11 19. gxh3 Rfd8) 19. Bb5 $36 {[%mdl 2048] Black is under pressure.} Rfc8 20. Ke2 ({White should try} 20. O-O $14) 20... Rc7 (20... Nb4 $11) 21. Rhd1 Rac8 22. c6 {And now Ng5 would win.} Nb4 {[%cal Rb4c6]} 23. Nf4 $1 {[%cal Rf4e6]} Bb3 $2 {[#]} (23... Nxc6 $14 24. Nxe6+ fxe6) 24. Rd7 $18 e5 25. Rxc7 Rxc7 26. Nd3 Nd5 $2 (26... Na2) 27. Nc5 Ba2 28. b3 Kf6 29. Na6 Rc8 30. Nc5 $2 (30. Kd2 $18) 30... Ke7 $2 {[%mdl 8192]} (30... Rc7 $1 $11 31. Kd2 Ke7) 31. Ra1 $2 (31. Kd3 $18 {has better winning chances.}) 31... Nb4 $16 {[#]} 32. Bc4 (32. Rd1 $1 $16 {[%cal Rd1d7] Threatens to win with Rd7+.} Nxc6 33. Rd7+ Kf8 34. Ba6) 32... Rxc6 $2 (32... Nxc6 $11 {and Black is okay.} 33. Rxa2 Nd4+ 34. Kd3 Rxc5) 33. Nd3 $2 (33. Nb7 $18) 33... Rxc4 $17 34. bxc4 $2 (34. Rxa2 $17 Re4+ 35. Kf3) 34... Bxc4 $19 35. Ra3 e4 {Precision: White = 27%, Black = 47%.} ({Less strong is} 35... Bxd3+ 36. Rxd3 Nxd3 37. Kxd3 $17) 0-1

[Event "CHN-ch Blitz Open 2018"]
[Site "Tianjin"]
[Date "2018.06.07"]
[Round "4"]
[White "Zhao, Zhouqiao CHN"]
[Black "Zhao, Jun"]
[Result "0-1"]
[WhiteElo "2223"]
[BlackElo "2611"]
[Annotator "TA"]
[PlyCount "94"]
[EventDate "2018.06.07"]
[EventType "blitz"]
[EventRounds "9"]
[EventCountry "CHN"]
[SourceTitle "playchess.com"]
[Source "ChessBase"]
[SourceQuality "1"]

{[%evp 11,94,-11,4,0,22,18,12,0,17,2,19,17,52,37,33,6,60,60,50,47,39,45,44,40,28,19,40,17,25,-12,-18,-12,-10,-30,-40,-56,-10,-52,-49,-97,-35,-137,-80,-178,-130,-144,-91,-98,-100,-98,-96,-143,-104,-108,-98,-106,-86,-97,-65,-66,-59,-58,-57,-138,-149,-252,-183,-442,-436,-379,-376,-645,-631,-897,-897,-1043,-1004,-2018,-1977,-1779,-1006,-1342,-1278,-2115,-2110]} 1. d4 Nf6 2. Nf3 g6 3. Bf4 Bg7 4. c3 d6 5. h3 O-O 6. e3 Nc6 7. Be2 {A48: 1 d4 Nf6 2 Nf3 g6: Torre, London and Colle Systems} Nd7 8. O-O e5 9. Bh2 {The position is equal.} f5 10. b4 {[%cal Bb2b4,Bb4b5][%mdl 32]} (10. a4 Qe7 11. Na3 Nd8 12. dxe5 Nxe5 13. Nc4 Nxf3+ 14. Bxf3 Nf7 {½-½ (23) Tomashevsky,E (2711)-Salem,A (2656) Sharjah 2017}) 10... e4 11. Nfd2 Nf6 12. b5 Ne7 13. c4 g5 (13... a6 $11) 14. Nc3 $14 Ng6 {[#]} 15. Kh1 $146 ({Predecessor:} 15. Qc2) 15... Qe7 16. Qc2 Be6 17. a4 Rae8 18. Rae1 Bc8 19. Bd1 Kh8 20. Nd5 Nxd5 21. cxd5 Qf7 22. Bh5 Re7 23. Qb3 Qf6 24. f3 exf3 25. Rxf3 Nh4 (25... g4 $17 26. hxg4 Qh4) 26. Rf2 {[#]} (26. Rff1 $15) 26... f4 ({Black should play} 26... Qh6 $1 {[%cal Rh6h5]} 27. Qd1 f4) 27. e4 (27. Qd1 $17) 27... Qxd4 28. Ref1 Rg8 ({Better is} 28... Qf6 29. Be2 Bd7) 29. Nf3 $17 Nxf3 (29... Qxe4 30. Nxh4 gxh4 31. Re2 $16 (31. Rxf4 Qe5 $11)) 30. Bxf3 Qf6 31. Rc2 Qf7 32. Qd3 Be5 33. Qe2 Rg7 34. Rfc1 Qe8 35. Bg1 b6 36. Bf2 Qg8 37. Bg4 ({White should try} 37. Kg1 $15) 37... Bxg4 38. hxg4 {[#]} (38. Qxg4 $17 Qf7 39. Qd1) 38... h5 $1 $19 {[%mdl 512]} 39. Qf3 $2 (39. Kg1) (39. gxh5 g4) 39... Rh7 {And now ...hxg4+ would win.} 40. Kg1 Qc8 41. a5 $2 (41. gxh5 g4 42. Qd1) 41... hxg4 {Black is clearly winning.} 42. Qb3 g3 43. axb6 gxf2+ 44. Kxf2 Bd4+ 45. Ke2 Bxb6 46. Qf3 Qe8 47. Kd3 Qxb5+ {Precision: White = 33%, Black = 51%.} 0-1

[Event "CHN-ch Blitz Open 2018"]
[Site "Tianjin"]
[Date "2018.06.08"]
[Round "5.1"]
[White "Wang, Hao"]
[Black "Wan, Yunguo"]
[Result "1-0"]
[WhiteElo "2779"]
[BlackElo "2605"]
[Annotator "TA"]
[PlyCount "75"]
[EventDate "2018.06.07"]
[EventType "blitz"]
[EventRounds "9"]
[EventCountry "CHN"]
[SourceTitle "playchess.com"]
[Source "ChessBase"]
[SourceQuality "1"]

{[%evp 10,75,27,0,15,0,0,6,0,7,6,0,19,14,16,12,33,33,33,33,34,34,31,20,54,45,46,43,50,48,49,53,116,112,114,129,92,91,112,60,185,166,278,200,458,473,478,345,345,345,345,350,349,344,327,289,308,312,300,303,486,391,435,408,688,672,740,729]} 1. c4 e5 2. Nc3 Nc6 3. Nf3 Nf6 4. e3 Bb4 5. Qc2 Bxc3 6. bxc3 e4 {A28: English Opening: Four Knights Variation} (6... d6 7. e4 O-O 8. g3 Ne8 9. Nh4 Ne7 10. d3 f5 11. exf5 Nxf5 12. Nxf5 Bxf5 13. Bg2 c6 14. h3 {1-0 (56) Carlsen,M (2843)-Topalov,V (2749) Shamkir 2018}) 7. Ng5 Qe7 8. f3 exf3 {The position is equal.} 9. Nxf3 O-O 10. Be2 d6 11. O-O Bg4 12. d3 Ne5 13. Nd4 c5 14. Nf5 Bxf5 15. Rxf5 Qe6 $146 16. e4 Rfe8 17. Bg5 {Black must now prevent Bxf6.} Nfd7 18. Raf1 f6 19. Be3 a6 20. a4 b5 ({Black should try} 20... Rab8 $14) 21. axb5 axb5 22. cxb5 Ra2 23. Qd1 c4 24. d4 (24. dxc4 $16 Nc5 25. Bxc5 dxc5 26. R5f2) 24... Ng6 (24... Nd3 $1 $14) 25. R5f2 $36 {[%mdl 2048] [#] Threatens to win with Bg4. Black is under strong pressure.} Qf7 (25... Ra3 {is a better defense.} 26. Bg4 Qe7) 26. Qb1 Ra3 $2 (26... Raa8 27. b6 Ra3) 27. Qb4 $1 $18 {[%csl LRa3,LRc4,LRd6]} Rb3 28. Bxc4 Rxb4 29. Bxf7+ Kxf7 30. cxb4 Rxe4 31. Re1 Ne7 32. Rfe2 Nd5 33. Bf2 Rxe2 34. Rxe2 f5 $2 (34... Nc3 {might work better.}) 35. Bg3 f4 {[#]} 36. Bxf4 $1 Nxf4 (36... Nc3 $142 37. Rc2 Nxb5) 37. Rf2 g5 38. g3 {Precision: White = 84%, Black = 43%.} 1-0

[Event "CHN-ch Blitz Open 2018"]
[Site "Tianjin"]
[Date "2018.06.08"]
[Round "5.2"]
[White "Yu, Yangyi"]
[Black "Xu, Xiangyu"]
[Result "0-1"]
[WhiteElo "2799"]
[BlackElo "2370"]
[Annotator "TA"]
[PlyCount "126"]
[EventDate "2018.06.07"]
[EventType "blitz"]
[EventRounds "9"]
[EventCountry "CHN"]
[SourceTitle "playchess.com"]
[Source "ChessBase"]
[SourceQuality "1"]

{[%evp 19,126,28,29,31,25,0,34,32,35,31,43,38,30,0,0,0,45,54,52,52,48,51,45,-55,-52,-51,-58,-54,-73,-93,-18,-45,0,0,0,-41,-36,-62,0,0,0,0,0,0,0,0,0,0,0,0,0,-72,0,-11,-14,-31,-35,-47,-51,-60,0,-2,0,0,14,-9,-2,-15,-4,-7,0,0,0,-8,-8,-256,-254,-264,-258,-408,-396,-29960,-29956,-11312,-9639,-4021,-2247,-29979,-1161,-998,-920,-1249,-1275,-1196,-1163,-1169,-1153,-1120,-1136,-1133,-1133,-1133,-1027,-29978,-29979,-29979,-29980,-29981,-29975]} 1. e4 c5 2. Nf3 d6 3. Bb5+ Bd7 4. a4 Nc6 5. O-O g6 6. c3 Nf6 7. Re1 Bg7 8. h3 O-O 9. d4 cxd4 {B51: Sizilianisch (Rossolimo-Variante)} 10. cxd4 d5 {LiveBook: 3 Partien} 11. e5 Ne4 {Weiß steht etwas besser.} 12. Nbd2 Nxd2 (12... a6 13. Bd3 Bf5 14. Nxe4 dxe4 15. Bxe4 Bxe4 16. Rxe4 Qd5 17. Qe2 {1-0 (37) Kovalenko,I (2636)-Mustaps,M (2311) Olaine 2017}) 13. Bxd2 Rc8 14. Qb3 $146 ({Vorgänger:} 14. b4 Qb6 15. Qb3 Be6 16. Qb2 a6 17. Bd3 {0-1 (44) Rodin,E (2345)-Zavernyaev,V USSR 1979}) 14... e6 15. a5 b6 16. Qa4 a6 17. Bxc6 $1 Bxc6 18. Qa3 Bb5 19. Bg5 Qc7 20. axb6 Qxb6 21. Bf6 (21. Be7 $14) 21... Bxf6 $15 22. exf6 Qd8 $1 23. Rec1 {und nun wäre Txc8 stark für Weiss.} Qxf6 24. Rc5 Be2 (24... Rxc5 $17 25. Qxc5 Qf4) 25. Ne5 $11 Bb5 26. Rac1 Rxc5 27. Rxc5 Qf4 28. Qc3 Kg7 (28... f6 $1 $15 29. Ng4 h5) 29. Rc7 Qe4 30. Kh2 Qf4+ 31. Kg1 Qe4 32. Qd2 h6 33. Ng4 g5 $36 {[%mdl 2048] Schwarz drückt.} 34. Ne5 a5 35. Rc5 (35. Rb7 $11 Qe2 36. Qxe2 Bxe2 37. f3) 35... Qe2 (35... Rb8 $17) 36. Qxe2 Bxe2 37. Rxa5 {[%mdl 4096] Endspiel KTL-KTS} Rb8 38. Ra7 Bh5 $1 39. Nd3 Bg6 (39... Kf6 $15) 40. Nc5 Rxb2 41. Nxe6+ $1 Kf6 42. Nc5 Rd2 43. Ra4 Bc2 44. Rb4 h5 45. Nd7+ Kf5 46. Ne5 f6 47. Nf3 $2 (47. Nd7 $11) 47... Rd1+ $19 48. Kh2 {[#]} Be4 $1 49. Ng1 (49. Rb3 {war nötig.}) 49... Rd2 50. f3 $2 (50. Nf3 $19 Rxf2 51. Kg1) 50... Bd3 51. h4 Bf1 52. hxg5 fxg5 53. Rb8 Bxg2 (53... Rxg2+ $142 54. Kh1 Rd2 55. Rf8+ Kg6 56. Rg8+ Kh6 57. Rh8+ Kg7 58. Ra8 Rxd4 59. Kh2 Rd2+ 60. Kh1 Bg2+ 61. Kh2 Bf1+ 62. Kh1 Bg2+ 63. Kh2 Bf1+) 54. Rf8+ Kg6 55. Kg3 Bf1 56. Rg8+ Kh6 57. Rh8+ Kg7 58. Rxh5 Rg2+ 59. Kh3 Rxg1+ 60. Kh2 Rg2+ 61. Kh1 Rg3 {Schwarz setzt Matt.} 62. Kh2 {[#]} Kg6 $1 63. Rh8 Rxf3 {Precision: Weiß = 47%, Schwarz = 54%.} 0-1

[Event "CHN-ch Blitz Open 2018"]
[Site "Tianjin"]
[Date "2018.06.08"]
[Round "5.3"]
[White "Bai, Jinshi"]
[Black "Lu, Shanglei"]
[Result "1-0"]
[WhiteElo "2471"]
[BlackElo "2656"]
[Annotator "TA"]
[PlyCount "49"]
[EventDate "2018.06.07"]
[EventType "blitz"]
[EventRounds "9"]
[EventCountry "CHN"]
[SourceTitle "playchess.com"]
[Source "ChessBase"]
[SourceQuality "1"]

{[%evp 29,48,15,15,21,20,6,12,10,16,22,48,45,75,74,477,31,22,16,19,27,29999]} 1. d4 Nf6 2. c4 e6 3. g3 d5 4. Bg2 Be7 5. Nf3 O-O 6. Nc3 dxc4 7. Ne5 Nc6 8. Bxc6 bxc6 9. Nxc6 Qe8 10. Nxe7+ Qxe7 11. Qa4 c5 12. dxc5 {E06: Closed Catalan: Early deviations} Qxc5 13. Be3 Qc7 14. Rd1 (14. O-O Nd5 15. Bd4 Bd7 16. Qa3 a5 17. Rad1 Nb4 18. Bc5 Qxc5 19. Rxd7 Rab8 {½-½ (46) Svidler,P (2763)-Nakamura,H (2780) Palma de Mallorca 2017}) 14... Bb7 15. O-O Nd5 {LiveBook: 4 Games} 16. Bd4 Rfd8 {[#]} 17. Nxd5 $146 ({Predecessor:} 17. f3 e5 18. Nxd5 Bxd5 19. Be3 Be6 {½-½ (19) Gupta,A (2619)-Ganguly,S (2631) Al Ain 2015}) 17... Rxd5 18. Bc3 h5 19. Rxd5 Bxd5 20. Rd1 a6 21. Rd4 Qe5 $2 {[%mdl 8192] [#]} (21... Qb7 $16) 22. Rg4 $2 (22. e4 $1 $18 {[%mdl 512]}) 22... Qxe2 $14 23. Rxg7+ Kf8 $1 24. Rg5 {[%cal Rc3b4]} Qf3 $2 {[%mdl 8192]} (24... a5 $11) 25. Bb4# {Precision: White = 39%, Black = 30%.} 1-0

[Event "CHN-ch Blitz Open 2018"]
[Site "Tianjin"]
[Date "2018.06.08"]
[Round "5.4"]
[White "Xu, Yi"]
[Black "Wen, Yang"]
[Result "0-1"]
[WhiteElo "2455"]
[BlackElo "2545"]
[Annotator "TA"]
[PlyCount "94"]
[EventDate "2018.06.07"]
[EventType "blitz"]
[EventRounds "9"]
[EventCountry "CHN"]
[SourceTitle "playchess.com"]
[Source "ChessBase"]
[SourceQuality "1"]

{[%evp 17,93,40,33,26,52,45,75,68,80,67,78,67,72,59,72,58,79,71,70,36,40,31,83,93,129,16,180,0,0,-5,-3,-4,-3,-10,-8,-7,-8,-20,-20,-52,-35,-35,-33,-68,-54,-54,-31,-70,-32,-76,-76,-76,-76,-76,-76,-80,-76,-74,-52,-74,-56,-77,-39,-93,-90,-95,-87,-149,-108,-108,-102,-105,-43,-360,-281,-29998,-29999,-29999]} 1. e4 e5 2. Nf3 d6 3. Nc3 Nf6 4. d4 exd4 5. Nxd4 Be7 6. g3 Nc6 {C41: Philidor Defence} (6... O-O 7. Bg2 Re8 8. O-O Bf8 9. h3 Nbd7 10. Re1 c5 11. Nf5 Ne5 12. Bg5 h6 13. Bxf6 Qxf6 14. Nd5 Qd8 {½-½ (32) Oparin,G (2602)-Mamedyarov,S (2799) Moscow 2017}) 7. Bg2 Nxd4 8. Qxd4 O-O 9. O-O $146 ({Predecessor:} 9. Bf4 Be6 10. Rd1 Nd7 11. Nd5 Bxd5 12. Qxd5 Rb8 13. O-O {1-0 (51) Cosic,R (2195)-Zarko,I (2038) Velika Gorica 2004}) 9... Be6 {LiveBook: 8 Games} 10. Bf4 Nd7 11. Nd5 Bxd5 12. Qxd5 Rb8 13. c3 Bf6 14. Rad1 Re8 15. Rfe1 Nb6 16. Qd3 (16. Qb5 {is interesting.} a6 17. Qb4 Nd7 18. Be3 Ne5 19. f4) 16... Qc8 17. b3 Qe6 18. c4 Nd7 19. Be3 a5 (19... b6 $14) 20. Qd2 $16 b6 {[#]} 21. h3 (21. e5 $1 $16 {[%cal Re5f6][%mdl 512]} Nxe5 (21... dxe5 22. Qxd7) 22. f4) 21... g6 $2 {[#]} (21... Nc5 $11 {and Black has nothing to worry.}) 22. Qd5 $2 (22. e5 $1 $18 {[%cal Re5f6][%mdl 512]} Qxe5 (22... dxe5 23. Qxd7) 23. Bxb6 $1 {[%mdl 512]} Nxb6 24. Bc6 (24. Rxe5 Rxe5 25. f4 Rc5 $18)) 22... Bc3 23. Qxe6 Rxe6 24. Re2 Nc5 25. f3 a4 26. Rc2 Bb4 27. Bxc5 Bxc5+ 28. Kf1 Ra8 29. Rb2 Bb4 30. Rbb1 Ree8 31. Rb2 Kg7 32. h4 h5 33. Ke2 f5 34. Kd3 fxe4+ 35. fxe4 axb3 36. axb3 Ra5 37. Rf1 Ree5 38. Bh3 Re7 39. Bc8 b5 40. Bb7 (40. cxb5 $15 Rxb5 41. Ba6) 40... bxc4+ $17 41. Kxc4 {[#]} Ba3 $1 42. Rbf2 (42. Rbb1 $142) 42... Rc5+ 43. Kd3 c6 $36 {[%mdl 2048] Black is in control.} 44. Ba6 Bb4 ({Better is} 44... Ra5 $17 45. Bc8 Rb5) 45. Ke3 $2 {[%mdl 8192]} ({White should try} 45. Bc4 $15) 45... Rc3+ 46. Kf4 $2 (46. Kd2 $19) 46... Rf7+ 47. Kg5 Rxg3# {Precision: White = 24%, Black = 40%.} 0-1

[Event "CHN-ch Blitz Open 2018"]
[Site "Tianjin"]
[Date "2018.06.08"]
[Round "5.5"]
[White "Zhao, Yuanhe"]
[Black "Dai, Changren"]
[Result "0-1"]
[WhiteElo "2407"]
[BlackElo "2278"]
[Annotator "TA"]
[PlyCount "116"]
[EventDate "2018.06.07"]
[EventType "blitz"]
[EventRounds "9"]
[EventCountry "CHN"]
[SourceTitle "playchess.com"]
[Source "ChessBase"]
[SourceQuality "1"]

{[%evp 11,116,-22,-30,-36,0,-20,30,47,26,37,81,74,87,79,68,0,0,0,0,-52,-52,-82,-12,-24,12,0,74,-108,0,-69,-13,-91,-104,-155,-99,-105,-139,-89,0,-19,175,72,49,-128,38,46,98,90,107,68,79,54,39,16,24,10,61,-13,-15,-10,0,-18,-11,-294,-294,-294,-294,-329,-322,-318,-318,-318,-286,-295,-279,-746,-729,-691,-654,-631,-547,-582,-543,-735,-735,-991,-960,-1220,-1129,-875,-867,-29958,-29958,-29974,-29975,-29977,-29978,-29978,-29979,-29979,-29977,-29978,-29978,-29980,-29979,-29979,-29978]} 1. Nf3 Nf6 2. c4 e6 3. g3 d5 4. Bg2 dxc4 5. O-O a6 6. a4 Nc6 7. Qc2 {A13: English Opening: 1...e6} Na5 8. Na3 $1 Bxa3 (8... Qd5 9. Rd1 Bd7 10. d4 Qf5 11. Bd2 Qxc2 12. Nxc2 Nb3 13. Ra2 Bc6 14. Ne5 Bd5 {½-½ (68) So,W (2810)-Ding,L (2777) Tbilisi 2017}) 9. Rxa3 {White has an edge.} O-O 10. d3 cxd3 $146 ({Predecessor:} 10... Qe7 11. Qc3 b6 12. dxc4 Bb7 13. Bg5 c5 14. Raa1 Rfd8 {½-½ (35) Ivacic,V (2295)-Gostisa,L (2470) Slovenia 1993}) 11. Rxd3 Qe7 12. Ne5 $1 Nd5 13. Bxd5 ({White should try} 13. Bd2 $14 Nc6 14. Nxc6 bxc6 15. Rb3 (15. Qxc6 Rb8 $14)) 13... exd5 $11 14. Rxd5 b6 {...Bb7 is the strong threat.} 15. Bf4 (15. Nf3 $11) 15... Be6 $36 {[%mdl 2048] Black is pushing.} 16. Rd2 Nb3 (16... c5 $1 $17) 17. Rdd1 Qc5 18. Qe4 Rad8 (18... Rfe8 $11) 19. Nd3 $2 (19. Be3 $16 Rxd1 20. Rxd1) 19... Qe7 (19... Qc2 $1 $17 20. Rfe1 c5) 20. Qe3 (20. Be3 $11) 20... Nd4 (20... Rfe8 $15 21. Ne5 Rc8) 21. Rc1 (21. a5 $11) 21... c5 $17 22. Rfe1 (22. Be5 $142) 22... Rfe8 (22... f6 $142 {Strongly threatening ...Rfe8.} 23. a5 Rfe8 24. axb6 c4) 23. Be5 Nb3 24. Rcd1 c4 (24... Bc4 $17 25. Nf4 f6 26. Rxd8 Rxd8) 25. Nf4 $11 Bf5 $2 {[#]} (25... f6 $11 {and Black is okay.} 26. Bc3 Rd6) 26. Rxd8 (26. Nd5 $1 $18 {[%cal Rd5e7] has better winning chances.} Qf8 27. Qxb6 (27. Nxb6 Rxd1 28. Rxd1 f6 $11)) 26... Qxd8 $16 27. Bc7 $2 (27. Qc3 $14 {was forced to keep a grip.}) 27... Rxe3 $2 (27... Qd7 $17 28. Qxb6 Nd4) 28. Bxd8 $14 Re8 (28... Re5 $14) 29. Bxb6 $16 Bc2 30. h4 Nd2 {And now ...Nf3+! would win.} 31. Kg2 Bxa4 32. Ra1 Bb5 33. Rd1 Ne4 (33... c3 $11 34. bxc3 Nc4) 34. Rd8 ({White should play} 34. f3 $14 Nf6 35. Rd6) 34... Rxd8 $11 35. Bxd8 {[%mdl 4096] Endgame KBN-KBN} Nc5 36. Ba5 Na4 37. Bc3 $2 {[%mdl 8192]} (37. f3 $11) 37... Nxc3 $19 38. bxc3 {[#] KB-KN} a5 $1 {[%cal Ba6a5,Ba5a4,Ba4a3][%mdl 32] aiming for ...a4.} 39. e4 a4 {Threatens to win with ...a3.} 40. Ne2 a3 {White must now prevent ...a2.} 41. Nc1 Ba4 42. Kf3 Bb3 43. e5 $2 (43. Kf4) 43... Kf8 44. Ke4 Ke7 45. Kd5 a2 46. Nxa2 Bxa2 {KB-KP} 47. g4 Bb3 48. f4 Bd1 49. g5 Be2 50. f5 Bd3 51. f6+ gxf6 {Black mates.} 52. gxf6+ Kd7 53. h5 h6 54. e6+ fxe6+ 55. Ke5 Bh7 56. Kd4 Bg8 57. Kxc4 e5+ 58. Kd3 Ke6 {Precision: White = 24%, Black = 47%.} 0-1

[Event "CHN-ch Blitz Open 2018"]
[Site "Tianjin"]
[Date "2018.06.08"]
[Round "5.6"]
[White "Xu, Yinglun"]
[Black "Zhou, Jianchao"]
[Result "1-0"]
[WhiteElo "2487"]
[BlackElo "2591"]
[Annotator "TA"]
[PlyCount "103"]
[EventDate "2018.06.07"]
[EventType "blitz"]
[EventRounds "9"]
[EventCountry "CHN"]
[SourceTitle "playchess.com"]
[Source "ChessBase"]
[SourceQuality "1"]

{[%evp 29,103,42,57,-18,-27,-29,-27,-30,-25,-30,-27,-26,-18,-14,-24,-56,-60,-81,-60,-84,-89,-154,-154,-152,-143,-349,-336,-294,-96,-96,-81,-131,-131,-169,-162,-164,-25,-81,-81,-81,-81,-81,-81,-81,-81,-98,-106,-91,0,-81,0,-105,-81,-140,-139,-147,-145,-195,-195,-180,-141,-141,-138,-151,-94,-133,-133,-160,-131,-342,-169,-293,-280,-246,29992,29993]} 1. d4 d5 2. c4 e6 3. Nf3 c6 4. Bg5 Nf6 5. e3 h6 6. Bxf6 Qxf6 7. Nc3 Nd7 8. Bd3 dxc4 9. Bxc4 g6 10. O-O Bg7 11. e4 O-O 12. e5 Qe7 13. Qe2 {D43: Damengambit (Botwinnik-Variante)} b5 14. Bd3 b4 (14... Bb7 15. Be4 Rab8 16. Rac1 a6 17. Rfd1 Rfd8 18. a3 c5 19. Bxb7 Rxb7 20. Qe4 Rbb8 21. d5 exd5 22. Nxd5 Qe6 23. Nf4 Qe7 24. Nd5 Qe6 25. Nf4 Qe7 26. Nd5 {½-½ (26) Lenic,L (2662)-Van Wely,L (2656) chess.com INT 2018}) 15. Na4 c5 {LiveBook: 3 Partien} 16. dxc5 ({Günstiger ist} 16. Rac1 $14) 16... Nxc5 $11 17. Nxc5 Qxc5 18. Rfc1 Qb6 19. h4 Bb7 20. Be4 $146 ({Vorgänger:} 20. h5 g5 {½-½ (40) Ristic,N (2301)-Nikolic,B (2135) Belgrade 2007}) 20... Rac8 21. Bxb7 Qxb7 22. h5 gxh5 23. Qe3 a5 24. Rxc8 Rxc8 25. Rc1 (25. Rd1 $142) 25... Rxc1+ $17 26. Qxc1 Qd5 27. Qc8+ $2 (27. b3 $17) 27... Bf8 $19 28. b3 Kg7 $2 (28... Qd1+ $1 $19 29. Kh2 Qe2) 29. Qc2 $17 Bc5 30. Kh2 Bb6 31. Qe2 {[#]} Qc5 $1 32. Kg3 Qc3 ({Besser ist} 32... Qc1 $19 33. Ne1 Qg5+ 34. Kh2 Qh4+ 35. Kg1 Qf4) 33. Kh2 (33. Kh4 $11) 33... Qc1 34. g3 Qc5 35. Kg2 Qc6 36. Kh2 Qd5 $36 {[%mdl 2048] Weiss steht unter starkem Druck.} 37. Nh4 Qd4 38. Kg2 Qd5+ 39. Kh2 Bc7 (39... Bd8 $17) 40. Nf3 (40. f4 $11 {war der einzige Weg, das Gleichgewicht zu behalten.}) 40... Bd8 41. Kg2 (41. Kh3 $142) 41... h4 $1 42. gxh4 Bxh4 43. Qe3 Bg5 44. Qe2 Be7 45. Kg3 Bd8 46. Nd2 Bb6 (46... Qh1 $142 {Weiss muss nun ...Lh4+ beachten.} 47. Qg4+ Kf8) 47. f4 Qh1 48. Nf3 Qc1 49. Kg4 $2 {[#]} (49. Qe4 $17 {war nötig.}) 49... Be3 (49... h5+ $142 $1 {[%mdl 512]} 50. Kg3 (50. Kxh5 Qxf4) 50... Be3) 50. f5 (50. Ne1 {ist eine bessere Verteidigung.}) 50... exf5+ $19 51. Kxf5 Qc2+ $4 {[%mdl 8192]} (51... Qb1+ $19 52. Kg4 Qe4+ 53. Kg3 Qf4+ 54. Kg2 h5) 52. Qxc2 {Precision: Weiß = 24%, Schwarz = 48%.} 1-0

[Event "CHN-ch Blitz Open 2018"]
[Site "Tianjin"]
[Date "2018.06.08"]
[Round "5.7"]
[White "Wei, Yi"]
[Black "Fang, Yuxiang"]
[Result "1-0"]
[WhiteElo "2694"]
[BlackElo "2443"]
[Annotator "TA"]
[PlyCount "49"]
[EventDate "2018.06.07"]
[EventType "blitz"]
[EventRounds "9"]
[EventCountry "CHN"]
[SourceTitle "playchess.com"]
[Source "ChessBase"]
[SourceQuality "1"]

{[%evp 17,49,31,37,18,15,9,10,13,14,10,8,12,22,0,0,-4,27,10,73,73,170,176,185,182,170,137,343,326,1121,1113,1301,1334,1583,1527]} 1. e4 e5 2. Nf3 Nf6 3. Nxe5 d6 4. Nf3 Nxe4 5. Nc3 Nf6 6. d4 Be7 7. Bd3 O-O 8. h3 {C42: Petroff Defence: 3 Nxe5 and unusual White 3rd moves} (8. O-O Nc6 9. a3 Bg4 10. h3 Bh5 11. g4 Bg6 12. Bxg6 hxg6 13. d5 Ne5 14. Nd4 Re8 15. f4 Nc4 {1-0 (55) Fedorchuk,S (2648)-Ni,H (2671) Riadh 2017}) 8... b6 9. O-O Bb7 {LiveBook: 5 Games} 10. Nh4 {White is slightly better.} g6 $146 ({Predecessor:} 10... Re8 11. Nf5 Bf8 12. Bg5 Nbd7 13. Qd2 h6 14. Bh4 Qc8 15. Rfe1 c5 16. Rxe8 Nxe8 {1-0 (48) Kassay,L (1955)-Gombocz,F (2064) Hajduboszormeny 2016}) 11. f4 Nd5 12. Nxd5 Bxd5 13. Nf3 {[%cal Bh4f3,Bf3d4,Bd4e6][%mdl 32]} f5 $1 14. c4 Bb7 15. d5 Bf6 16. Bc2 $36 {[%mdl 2048] Black is under pressure.} Nd7 17. Nd4 Nc5 {[#]} (17... Re8 $11) 18. b4 $1 $16 {[%cal Rb4c5]} Ne4 {[#]} (18... Re8 $16) 19. Bxe4 $1 $18 fxe4 20. Ne6 Qe7 21. Rb1 Rfe8 $2 (21... Rf7 $16) 22. f5 gxf5 $2 (22... Bc8 23. fxg6 Bxe6) 23. Rxf5 {White is clearly winning.} Bc8 24. Qg4+ Kh8 {[#]} 25. Rxf6 $1 {[%mdl 512] Precision: White = 78%, Black = 34%.} 1-0